| 000 | 00851nam a2200229Ia 4500 | ||
|---|---|---|---|
| 005 | 20240530110958.0 | ||
| 008 | 140319s1989 xx 000 0 ara d | ||
| 020 | _a9770120405 | ||
| 040 |
_aGCL / _cGCL |
||
| 082 | 0 | 4 |
_a812.042 / _bع م |
| 100 | 1 | _aعبدالجبار ابوغربية | |
| 245 | 1 | 0 |
_aمسرحية من المجنون او غرفة رقم سبعة : _bتتألف من فصلين وعشرة مشاهد / _cعبدالجبار ابوغربية |
| 260 |
_aالقاهرة : _bالهيئة المصرية العامة للكتاب، _c1989 |
||
| 300 |
_a179 ص ؛ _c20 سم |
||
| 490 | _aالمسرح العربى | ||
| 650 | 0 | 4 | _aالادب العربى |
| 650 | 0 | 4 | _aالمسرحية العربية |
| 650 | 0 | 4 | _aالادب |
| 650 | 0 | 4 | _aالمسرحيات |
| 942 |
_2ddc _cBK |
||
| 999 |
_c67123 _d67123 |
||